<?xml version="1.0" encoding="UTF-8"?>
<marc:record xmlns:marc="http://www.loc.gov/MARC21/slim">
   <marc:leader>00000nam a2200000 a 4500</marc:leader>
   <marc:datafield ind1="1" ind2=" " tag="100">
      <marc:subfield code="a">Lindgren, Astrid</marc:subfield>
      <marc:subfield code="4">aut</marc:subfield>
      <marc:subfield code="e">Verfasser/-in</marc:subfield>
   </marc:datafield>
   <marc:datafield ind1="0" ind2="0" tag="245">
      <marc:subfield code="a">Wie gut, dass es Weihnachtsferien gibt, sagte Madita</marc:subfield>
   </marc:datafield>
   <marc:datafield ind1="0" ind2="0" tag="245">
      <marc:subfield code="c">Astrid Lindgren. Dt. von Anna-Liese Kornitzky. Bilder von Ilon Wikland</marc:subfield>
   </marc:datafield>
   <marc:datafield ind1=" " ind2="1" tag="264">
      <marc:subfield code="a">Hamburg</marc:subfield>
      <marc:subfield code="b">Oetinger</marc:subfield>
      <marc:subfield code="c">2013</marc:subfield>
   </marc:datafield>
   <marc:datafield ind1="1" ind2=" " tag="490">
      <marc:subfield code="a">Büchersterne</marc:subfield>
   </marc:datafield>
   <marc:datafield ind1=" " ind2=" " tag="250">
      <marc:subfield code="a">Überarb. Neuausg.</marc:subfield>
   </marc:datafield>
   <marc:datafield ind1="1" ind2=" " tag="520">
      <marc:subfield code="a">Maditas schönstes Weihnachtsfest. Erstlesers liebstes Weihnachtsbuch. So schön ist es in der Weihnachtszeit! Ganz Birkenlund duftet nach Pfefferkuchen und Schmalzgebackenem. Madita und Lisabet schreiben lange Wunschzettel und backen kleine Schweinchen aus Marzipan. Eines Morgens ist der Fluss hinterm Haus zugefroren. Da hält es die beiden nicht mehr drinnen! Astrid Lindgrens Geschichte voller Weihnachtsduft und Winterspaß könnte zum Lieblingsbuch für manchen Leseanfänger werden. Als gleichnamiges Bilderbuch ist sie längst ein Klassiker der Kinderliteratur. Erstlese- und Bilderbuch gemeinsam sind die wunderbaren Illustrationen der Künstlerin Ilon Wikland. Lesen lernen mit Büchersterne für die 2./3. Klasse: einfacher Satzbau, fortgeschrittenes Textniveau und ein höherer Textanteil, der die Lesefähigkeit geübter Leseanfänger fördert. Dazu ein Leserätsel im Anhang und eine Lesemission im Internet.</marc:subfield>
   </marc:datafield>
   <marc:datafield ind1=" " ind2=" " tag="020">
      <marc:subfield code="a">9783789123672</marc:subfield>
      <marc:subfield code="9">9783789123672</marc:subfield>
   </marc:datafield>
   <marc:datafield ind1=" " ind2=" " tag="041">
      <marc:subfield code="a">ger</marc:subfield>
   </marc:datafield>
   <marc:datafield ind1=" " ind2=" " tag="300">
      <marc:subfield code="a">57 S : Ill.</marc:subfield>
   </marc:datafield>
</marc:record>
